| 000 | 01294nam a2200265 i 4500 | ||
|---|---|---|---|
| 001 | 152940 | ||
| 003 | ES-MaACL | ||
| 005 | 20251005063120.0 | ||
| 008 | 931025s1730 fr ax |||| | fre d | ||
| 040 |
_aCAM _bspa _cPAB |
||
| 100 | 1 |
_aCalmet, Augustin, _d1672-1757 _933764 |
|
| 245 | 1 | 0 |
_aDictionnaire historique, critique, Chronologique, geographique et litteral de la Bible _b: Enrichi de plus de trois cent figures en taille-douce, qui representent les autiquez Indaique ... / _cpar ... Augustin Calmet ... ; tome troisieme. |
| 250 | _aNouvelle edition reuve, Corrigée, et augmentée. | ||
| 260 |
_aA Paris : _bchez Emery, a faint Benoist, Saugrain, Pere, 'a la fleur de Lys, Pierre Martin, 'a l'Eau de France, _c1730. |
||
| 300 |
_a[4], 724 p., [85] h. de grab. ; _cfol. |
||
| 595 | _aDatos de ed. preceden a la mención de responsabilidad. | ||
| 596 | _aMarca tip. en port. | ||
| 597 | _aSing.: A-Z2, 2A-2Z, 3A-3Z2, 4A-4Z2, 5A-5Z2, 6A-6Z\, A7-Z72, A8-V82. | ||
| 597 | _aTexto a dos col. | ||
| 597 | _aAntep. | ||
| 597 | _aPort. a dos tintas. | ||
| 630 | 0 |
_aBiblia- _vDiccionarios. _9119241 |
|
| 852 |
_aES-MaACL _jR-76-79 _z-- Enc. piel marrón grabada y con hierros dorados _x-- Olim: C-2469-72 _x-- T300: Este ejempl. tiene 724 p. |
||
| 999 |
_c152940 _d152940 |
||